| 000 | 00902nam a22002897a 4500 | ||
|---|---|---|---|
| 003 | CHAP | ||
| 005 | 20220329135959.0 | ||
| 008 | 971013s1988 r 00010 d | ||
| 010 | _a45058 | ||
| 011 | _a46030 | ||
| 035 | _a50170 | ||
| 040 | _cCHAP | ||
| 090 | _aFolleto 11996 | ||
| 110 |
_aUniversidad Nacional Autónoma de México. Centro de Investigaciones y Servicios Educativos _9116496 |
||
| 245 | _aCatálogo de tesis | ||
| 260 |
_a(s.l.) : _bEl Centro, _c1988?) |
||
| 300 | _a20 p. | ||
| 590 |
_aBATCH-UPD _b10 _c20130110 _lUCH01 _h2224 |
||
| 590 |
_aBATCH-UPD _b10 _c20130410 _lUCH01 _h1521 |
||
| 590 |
_aBATCH-UPD _b10 _c20130914 _lUCH01 _h1236 |
||
| 590 |
_aCONVERSION _b10 _c20130109 _lUCH01 _h1325 |
||
| 650 | 1 | 4 |
_aEducación _xBibliografía. _935417 |
| 650 | 1 | 4 |
_aTesis _xSeminarios. _9112468 |
| 901 | _aBK | ||
| 942 | _cFOLL | ||
| 949 |
_aFolleto 11996 _bBC _cFOLL _d-112858 _eTS1 _i50170 _mD _si |
||
| 999 |
_c45058 _d45058 |
||